ნორმალური ფორმატი
MARC ფორმატი
ჩანაწერი Personal Name
ჩანაწერთა რაოდენობა, რომელიც გამოყენებულია: 1
001 - CONTROL NUMBER
- control field: 12035
003 - CONTROL NUMBER IDENTIFIER
- control field: GE_BSU
005 - DATE AND TIME OF LATEST TRANSACTION
- control field: 20210614125721.0
008 - FIXED-LENGTH DATA ELEMENTS
- fixed length control field: 210614|| aca||aabn | a|a d
040 ## - CATALOGING SOURCE
- Original cataloging agency: GE_BSU
- Transcribing agency: GE_BSU
100 ## - HEADING--PERSONAL NAME
- Personal name: Bradham, Tamala S.
670 ## - SOURCE DATA FOUND
- Source citation: Work cat.: (GE_BSU)0: Bradham, Tamala S. , Assessing listening and spoken language in children with hearing loss /
